000 00693nam a2200289Ia 4500
005 20260324121546.0
008 008 260324s9999 xx 000 0 eng d
020 _a9780203081006
037 _aEBOOK
040 _aCRL
040 _beng
040 _cCRL
041 _2eng
041 _aeng
084 _qCRL
100 _aGraeme Lang; Selina Ching Chan
_91162978
245 0 _aBuilding Temples in China
245 0 _bMemories, Tourism and Identities
260 _bTaylor and Francis
260 _c2014
365 _a
365 _b255
856 _uhttp://www.taylorfrancis.com/books/9780203081006
942 _cEBOOK
999 _c1755173
_d1755173